000 00490nam a2200169 i 4500
001 bg
100 1 _aLONGA, Władysław.
245 0 _aTeoria procesów odlewniczych :
_blaboratorium.
_nCz. 1 /
_cWładysław Longa, Eugeniusz Urbanik, Wojciech Kapturkiewicz.
250 _aWyd.2 uzup.
260 _aKraków,
_c1974.
700 1 _aURBANIK, Eugeniusz.
700 1 _aKAPTURKIEWICZ, Wojciech.
040 _cBPK
041 _apol
942 _cKS
008 s pl f |000 0 pol
999 _c26289
_d26289
856 _uhttp://koha.tu.koszalin.pl/cgi-bin/koha/opac-detail.pl?biblionumber=26289
_yKatalog online BPK